000 00581nam a2200229Ia 4500
003 OSt
005 20220928145330.0
006 a|||||r|||| 00| 0
007 ta
008 220927b |||||||| |||| 00| 0 eng d
024 _a80250
037 _cTextual
040 _aSDCL
_cSDCL
_beng
041 _2eng
_aeng
082 _aY:(R), L8
100 _aBeehler Rodger
_9512648
245 0 _aPhilosophy of society.
260 _c1978
700 _a Drengson Alan R
_9512649
942 _hY:(R), L8
_cTEXL
_2CC
999 _c833291
_d833291